| 000 | 00333pam a2200133 a 4500 | ||
|---|---|---|---|
| 020 | _c | ||
| 041 | _h | ||
| 082 |
_a650.11000000000001 _bATK |
||
| 100 | _aAtkinson, P.E. | ||
| 245 |
_aAchieving Results Through Time Management _hTextual Documents |
||
| 260 |
_aLondon _bPitman Business Education |
||
| 300 | _a182/PB | ||
| 930 | _a5268 | ||
| 999 |
_c112098 _d112098 |
||